000
00320nam a22001337a 4500
020
_a
9788188458011
082
_a
510
_b
ANJ/DI
100
_a
Anjana Gupta
_9
1208
245
_a
Discrete Mathematics for Engineering Students
250
_a
3 rd
260
_a
Delhi
_b
S.K.Kataria and Sons
_c
2011
300
_a
433
942
_c
BK
999
_c
14686
_d
14686